00365nam a2200133Ia 4500003000400000008004100004020002600045040000800071100002700079245006700106260003700173300001000210365001100220LDD181029s9999 xx 000 0 und d a9788175332287c795.00 cLDD aTiwary, Chandra Sekhar 0aReligionbAn obstacle to human progresscChandra Sekhar Tiwary aNew DelhibMD Publicationsc2009 a287p, b795.00